Etika, etická infraštruktúra ako prevencia korupcie
Uložené v:
| Hlavný autor: | |
|---|---|
| Ďalší autori: | |
| Médium: | Kniha |
| Jazyk: | Slovak |
| Vydavateľské údaje: |
Bratislava
Róbert Vico - vydavateľstvo
2001
|
| Edícia: | Protikorupčné nástroje
|
| Predmet: | |
| Tagy: |
Žiadne tagy, Buďte prvý, kto otaguje tento záznam!
|
MARC
| LEADER | 00000nam a2200000 4500 | ||
|---|---|---|---|
| 001 | c138271 | ||
| 005 | 20221124104459.0 | ||
| 020 | |a 80-89041-12-4 | ||
| 041 | 0 | |a slo | |
| 044 | |a SK | ||
| 245 | 1 | 0 | |a Etika, etická infraštruktúra ako prevencia korupcie |c Emília Sičáková, Ľubica Slimáková |
| 264 | 1 | |a Bratislava |b Róbert Vico - vydavateľstvo |c 2001 | |
| 300 | |a 29 s. | ||
| 490 | 1 | |a Protikorupčné nástroje | |
| 830 | 0 | |a Protikorupčné nástroje | |
| 610 | 2 | 0 | |a korupcia |
| 610 | 2 | 0 | |a etika |
| 610 | 2 | 0 | |a správa verejná |
| 610 | 2 | 0 | |a kódexy etické |
| 610 | 2 | 0 | |a Slovensko |
| 610 | 2 | 0 | |a porovnanie medzinárodné |
| 610 | 2 | 0 | |a legislatíva |
| 610 | 2 | 0 | |a zákony |
| 610 | 2 | 0 | |a informácie |
| 610 | 2 | 0 | |a správa štátna |
| 610 | 2 | 0 | |a prevencia |
| 100 | 1 | |a Sičáková, Emília | |
| 700 | 1 | |a Slimáková, Ľubica | |